[Event "XXXI C.to Italiano seniores"]
[Site "Arvier ITA"]
[Date "2009.04.24"]
[Round "1"]
[White "Cerusico, Carlo"]
[Black "Acunzo, Domenico"]
[Result "0-1"]
[WhiteElo "1462"]
[BlackElo "1830"]
[PlyCount "64"]
[EventDate "2009.04.24"]

1. d4 e6 2. Nf3 f5 3. Bf4 Nf6 4. h3 d5 5. e3 c6 6. Bd3 Be7 7. Nc3 O-O 8. Qd2
Nbd7 9. O-O-O Ne4 10. Bxe4 fxe4 11. Nh2 Nb6 12. Ng4 Nc4 13. Qe1 Bb4 14. Ne5
Nxb2 15. Kxb2 Qa5 16. a4 c5 17. dxc5 Qxc5 18. Ra1 Rxf4 19. Qd2 Rf5 20. f4 exf3
21. Nxf3 Bd7 22. Qd4 Bxc3+ 23. Qxc3 Qxc3+ 24. Kxc3 Rc8+ 25. Kd2 e5 26. Rhf1 e4
27. Nh2 Rxf1 28. Nxf1 Rc4 29. a5 Bb5 30. Ng3 Rc6 31. Rb1 a6 32. Ne2 Bxe2 0-1

[Event "XXXI C.to Italiano seniores"]
[Site "Arvier ITA"]
[Date "2009.04.24"]
[Round "1"]
[White "Colombo, Paolo"]
[Black "Di Cio', Enrico"]
[Result "1-0"]
[WhiteElo "2138"]
[BlackElo "1765"]
[PlyCount "73"]
[EventDate "2009.04.24"]

1. d4 Nf6 2. Nf3 d5 3. Nbd2 Nbd7 4. e3 e6 5. Bd3 c5 6. c3 Bd6 7. O-O O-O 8. Qe2
Re8 9. b3 b6 10. e4 dxe4 11. Nxe4 Nxe4 12. Qxe4 Rb8 13. Qxh7+ Kf8 14. Qh8+ Ke7
15. Qxg7 Nf6 16. Bg5 Kd7 17. Bb5+ Kc7 18. Bxe8 Be7 19. Bxf6 Qxe8 20. Bxe7 Qxe7
21. dxc5 Bb7 22. Ne5 Rf8 23. c6 Bc8 24. Qg3 Kd8 25. Rad1+ Ke8 26. Nd7 Rh8 27.
Qg7 Qh4 28. h3 Ke7 29. Rfe1 Qh6 30. Qd4 Rg8 31. Qd6+ Ke8 32. Nxb6 Qg5 33. g3
axb6 34. c7 f6 35. Rxe6+ Kf7 36. h4 Qxh4 37. Qe7+ 1-0

[Event "XXXI C.to Italiano seniores"]
[Site "Arvier ITA"]
[Date "2009.04.24"]
[Round "1"]
[White "De Polzer, Manfredi"]
[Black "Cesati Cassin, Giorgio"]
[Result "1/2-1/2"]
[WhiteElo "1813"]
[BlackElo "1398"]
[PlyCount "92"]
[EventDate "2009.04.24"]

1. e4 c5 2. c3 Nf6 3. e5 Nd5 4. Qf3 e6 5. Bc4 Nb6 6. Bd3 Nc6 7. Qg3 Qc7 8. Nf3
d6 9. exd6 Qxd6 10. Be4 Qxg3 11. hxg3 Bd7 12. d3 f5 13. Bxc6 Bxc6 14. O-O Bxf3
15. gxf3 O-O-O 16. Rd1 Be7 17. Be3 Nd5 18. Na3 Nxe3 19. fxe3 a6 20. Nc4 h5 21.
Ne5 Rh6 22. d4 h4 23. gxh4 Bxh4 24. Kg2 Bf6 25. Nd3 cxd4 26. cxd4 b6 27. Rac1+
Kb7 28. b4 g5 29. e4 g4 30. Rh1 Rdh8 31. a4 Rh3 32. Rxh3 gxh3+ 33. Kh2 Bg7 34.
a5 Bf6 35. Rg1 Kc6 36. Rg6 Rf8 37. Kxh3 bxa5 38. bxa5 Kb5 39. Nc5 Rh8+ 40. Kg2
Bd8 41. Rxe6 Rg8+ 42. Kf2 Bxa5 43. Rxa6 Rh8 44. Rf6 Rh5 45. Ne6 Bc3 46. Ng7
Rh2+ 1/2-1/2

[Event "XXXI C.to Italiano seniores"]
[Site "Arvier ITA"]
[Date "2009.04.24"]
[Round "1"]
[White "De Zaiacomo, Tonino"]
[Black "Rosino, Antonio"]
[Result "0-1"]
[WhiteElo "1787"]
[BlackElo "2258"]
[PlyCount "62"]
[EventDate "2009.04.24"]

1. d4 Nf6 2. c4 g6 3. Nc3 d5 4. Nf3 Bg7 5. Bg5 Ne4 6. cxd5 Nxg5 7. Nxg5 e6 8.
h4 exd5 9. Rc1 O-O 10. e3 c5 11. dxc5 d4 12. exd4 Nc6 13. Nxf7 Rxf7 14. Bc4
Qe7+ 15. Ne2 Nxd4 16. Bxf7+ Kxf7 17. b4 Bg4 18. f3 Re8 19. fxg4 Qxe2+ 20. Qxe2
Nxe2 21. Kd2 Nxc1 22. Rxc1 Re4 23. c6 bxc6 24. Rxc6 Rxb4 25. Rc7+ Kg8 26. Rxa7
Rxg4 27. Ra8+ Bf8 28. a4 Rxg2+ 29. Ke3 Rh2 30. a5 Rxh4 31. a6 Ra4 0-1

[Event "XXXI C.to Italiano seniores"]
[Site "Arvier ITA"]
[Date "2009.04.24"]
[Round "1"]
[White "Deiana, Giacomo"]
[Black "Antonelli, Fabrizio"]
[Result "0-1"]
[WhiteElo "1724"]
[BlackElo "2024"]
[PlyCount "48"]
[EventDate "2009.04.24"]

1. Nf3 Nf6 2. g3 g6 3. Bg2 Bg7 4. O-O O-O 5. d3 d5 6. Nbd2 c5 7. c3 Nc6 8. e4
e5 9. Qc2 h6 10. a3 a5 11. Rb1 Qe7 12. Re1 Be6 13. exd5 Bxd5 14. d4 cxd4 15.
cxd4 e4 16. Nf1 exf3 17. Rxe7 Nxe7 18. Bxf3 Bxf3 19. Qa4 Be4 20. Ra1 Bc6 21.
Qd1 Nf5 22. Be3 Rfe8 23. b4 Nd5 24. Qd2 axb4 0-1

[Event "XXXI C.to Italiano seniores"]
[Site "Arvier ITA"]
[Date "2009.04.24"]
[Round "1"]
[White "Di Cicco, Daniela"]
[Black "Giani, Franco"]
[Result "0-1"]
[WhiteElo "1589"]
[BlackElo "2004"]
[PlyCount "104"]
[EventDate "2009.04.24"]

1. d4 c5 2. Nf3 g6 3. Bf4 Bg7 4. e3 Nf6 5. h3 O-O 6. c3 cxd4 7. exd4 d6 8. Nbd2
Nc6 9. Bd3 Nh5 10. Bh2 e5 11. Bc2 exd4 12. O-O dxc3 13. bxc3 Bxc3 14. Rb1 d5
15. Rb3 Bg7 16. Re1 b6 17. Rbe3 Be6 18. Ne5 Nxe5 19. Bxe5 Rc8 20. Bxg7 Nxg7 21.
Nf3 h6 22. Bb3 Nf5 23. Rd3 Rc5 24. Re5 Qc7 25. Re1 Rd8 26. Qb1 Qf4 27. Rdd1
Rdc8 28. Qb2 Rc3 29. Qd2 Qxd2 30. Nxd2 Rd3 31. Nf3 Rxd1 32. Rxd1 Ne7 33. Nd4
Bd7 34. Re1 Kf8 35. g3 b5 36. h4 a5 37. a3 Rc3 38. Re5 Rd3 39. Bxd5 Rxd4 40.
Bg2 Rd3 41. Rc5 Rxa3 42. Rc7 Be6 43. Kh2 b4 44. Rc2 b3 45. Rb2 Ra2 46. Rb1 Rxf2
47. Kg1 Rd2 48. Kh2 Bd5 49. Rg1 b2 50. Kh3 Bxg2+ 51. Rxg2 Rxg2 52. Kxg2 b1=Q
0-1

[Event "XXXI C.to Italiano seniores"]
[Site "Arvier ITA"]
[Date "2009.04.24"]
[Round "1"]
[White "Fragni, Enrico"]
[Black "Tribuiani, Renato"]
[Result "0-1"]
[WhiteElo "1751"]
[BlackElo "2078"]
[PlyCount "141"]
[EventDate "2009.04.24"]

1. d4 d5 2. Nf3 e6 3. c4 c6 4. e3 f5 5. Nc3 Bd6 6. Bd3 Nf6 7. Bd2 O-O 8. Qc2
Ne4 9. g3 Bd7 10. a3 Be8 11. Be2 Nd7 12. O-O Bh5 13. cxd5 exd5 14. Rad1 Qe7 15.
Bc1 g5 16. Ne1 Bxe2 17. Nxe2 g4 18. Nf4 Ng5 19. Bd2 a5 20. f3 Bxf4 21. gxf4
Nxf3+ 22. Nxf3 gxf3 23. Rxf3 Rf6 24. Kh1 Qe4 25. Qxe4 dxe4 26. Rg3+ Rg6 27.
Rdg1 Kf7 28. Rxg6 hxg6 29. Rc1 a4 30. Kg2 Ke6 31. Bb4 Nf6 32. h3 Nd5 33. Bd2
Ra6 34. Kf2 Rb6 35. Rc2 Rb3 36. Bc1 Kd6 37. Bd2 Rb6 38. Bc1 Ra6 39. Bd2 Ra8 40.
Kg3 b5 41. Rc1 Nb6 42. Rc5 Nd7 43. Rc1 Rh8 44. Bb4+ Ke6 45. Bd2 Rc8 46. Bb4 Rh8
47. Bd2 Rh5 48. Rc2 Rh7 49. Bb4 Rh8 50. Bd2 Nb6 51. Rc5 Kd6 52. Bb4 Kd7 53. Bd2
Nc4 54. Bc1 Kd6 55. Kg2 Na5 56. Rc2 Nb3 57. Rc3 Rc8 58. Kf2 c5 59. dxc5+ Rxc5
60. Rxc5 Kxc5 61. Kg3 Nxc1 62. Kh4 Kc4 63. Kg5 Ne2 64. h4 Ng3 65. Kxg6 Kd3 66.
h5 Nxh5 67. Kxh5 Kxe3 68. Kg5 Kd2 69. Kxf5 e3 70. Kg6 e2 71. f5 0-1

[Event "XXXI C.to Italiano seniores"]
[Site "Arvier ITA"]
[Date "2009.04.24"]
[Round "1"]
[White "Gardi, Giuseppe"]
[Black "Facchini, Roberto"]
[Result "1-0"]
[WhiteElo "2008"]
[BlackElo "1600"]
[PlyCount "75"]
[EventDate "2009.04.24"]

1. d4 Nf6 2. Nf3 e6 3. e3 c5 4. Bd3 Nc6 5. O-O d5 6. b3 cxd4 7. exd4 h6 8. Bb2
Bd6 9. a3 Qc7 10. Qe2 O-O 11. Nbd2 Bd7 12. c4 b6 13. Rac1 Rac8 14. Ne5 Be8 15.
Bb1 Qe7 16. Qe3 Bxa3 17. Bxa3 Qxa3 18. Ng4 Ne4 19. Nxe4 dxe4 20. Qxe4 g6 21.
Qe3 Qe7 22. Nxh6+ Kg7 23. Ng4 Rh8 24. h3 Rh5 25. Rfe1 Qg5 26. f4 Qd8 27. Rcd1
Ne7 28. d5 Nxd5 29. cxd5 Rxd5 30. Qe2 Rcc5 31. Rxd5 Rxd5 32. Qb2+ Kf8 33. Qh8+
Ke7 34. Kh2 Qd6 35. Qf6+ Kf8 36. Bxg6 Rd4 37. Ne5 Qe7 38. Qh8# 1-0

[Event "XXXI C.to Italiano seniores"]
[Site "Arvier ITA"]
[Date "2009.04.24"]
[Round "1"]
[White "Incelli, Renato"]
[Black "Schiappacasse, Marcello"]
[Result "0-1"]
[WhiteElo "1487"]
[BlackElo "1920"]
[PlyCount "26"]
[EventDate "2009.04.24"]

1. c4 e5 2. Nc3 Nf6 3. d3 Bb4 4. Bd2 O-O 5. Nf3 Re8 6. g3 Bxc3 7. Bxc3 e4 8.
dxe4 Nxe4 9. Qc2 Qe7 10. e3 b6 11. O-O-O Bb7 12. Rg1 Nxc3 13. Qxc3 Bxf3 0-1

[Event "XXXI C.to Italiano seniores"]
[Site "Arvier ITA"]
[Date "2009.04.24"]
[Round "1"]
[White "Jeanrenaud, Antonia"]
[Black "Fisauli, Francesco"]
[Result "0-1"]
[WhiteElo "1455"]
[BlackElo "1832"]
[PlyCount "82"]
[EventDate "2009.04.24"]

1. e4 c5 2. c3 d6 3. d4 cxd4 4. Qxd4 Nc6 5. Qe3 g6 6. Nd2 Nf6 7. Ngf3 Bg7 8.
Bd3 O-O 9. O-O Ng4 10. Qe2 Nge5 11. Bc2 b6 12. Rb1 a5 13. c4 Nb4 14. Nxe5 Bxe5
15. Nf3 Bg4 16. Bb3 Qc7 17. Qe3 Bxf3 18. Qxf3 Bg7 19. a3 Nc6 20. Be3 Rab8 21.
Qh3 Ne5 22. Bh6 Qc5 23. Bxg7 Kxg7 24. Qc3 Kg8 25. h3 Rfc8 26. Rbd1 Qc7 27. Ba2
b5 28. Rd4 Nc6 29. Rd5 b4 30. Qf3 Ne5 31. Qg3 Qb6 32. Rb5 Qd4 33. Rxa5 Qxb2 34.
axb4 Rxb4 35. c5 dxc5 36. Rb1 Qd2 37. Ra7 Qd6 38. Rxb4 cxb4 39. Rb7 Rc3 40. Qh4
Rc1+ 41. Kh2 Nf3# 0-1

[Event "XXXI C.to Italiano seniores"]
[Site "Arvier ITA"]
[Date "2009.04.24"]
[Round "1"]
[White "Oteri, Aldo"]
[Black "Piazza, Giacomo"]
[Result "0-1"]
[WhiteElo "1832"]
[BlackElo "1441"]
[PlyCount "101"]
[EventDate "2009.04.24"]

1. e4 e5 2. Nf3 Nc6 3. Bb5 Nf6 4. O-O Bc5 5. c3 O-O 6. d4 exd4 7. cxd4 Bb6 8.
e5 Ne8 9. d5 Ne7 10. d6 cxd6 11. exd6 Ng6 12. Nc3 Nf6 13. Bg5 h6 14. Bxf6 Qxf6
15. Ne4 Qd8 16. Bc4 Kh8 17. Nfg5 Ne5 18. Qc2 hxg5 19. Bd5 f5 20. Qc3 Nf7 21.
Ng3 Qf6 22. Qxf6 gxf6 23. Bxf7 Rxf7 24. Nxf5 Bc5 25. Rfe1 b6 26. Re8+ Kh7 27.
Rae1 Bb7 28. g4 a5 29. R1e7 Rxe7 30. Rxe7+ Kh8 31. Rxd7 Be4 32. Ng3 Bf3 33. h3
Re8 34. Rf7 Re1+ 35. Nf1 Re2 36. Ne3 Bxd6 37. Rxf6 Re1+ 38. Nf1 Bf4 39. h4 Be2
40. hxg5 Rxf1+ 41. Kg2 Bxg5 42. Rxb6 Rb1 43. Re6 Rxb2 44. Re5 Bf6 45. Rxa5 Bxg4
46. a4 Rb3 47. Rc5 Bh4 48. Rc2 Bf3+ 49. Kh2 Bg5 50. Ra2 Bf4+ 51. Kh3 0-1

[Event "XXXI C.to Italiano seniores"]
[Site "Arvier ITA"]
[Date "2009.04.24"]
[Round "1"]
[White "Papa, Angelo"]
[Black "Lisandri, Luigi"]
[Result "1-0"]
[WhiteElo "1882"]
[BlackElo "1458"]
[PlyCount "55"]
[EventDate "2009.04.24"]

1. d4 d5 2. Nf3 Nf6 3. c4 g6 4. cxd5 Nxd5 5. e4 Nb6 6. Be3 Bg7 7. Be2 Bg4 8.
Nbd2 N8d7 9. h3 Bxf3 10. Nxf3 O-O 11. Qd2 Re8 12. O-O c6 13. Bh6 f6 14. Bxg7
Kxg7 15. Rfd1 Nf8 16. b3 Qc7 17. Rac1 Red8 18. Qe3 Rac8 19. Nh4 Qb8 20. f4 Ne6
21. a4 f5 22. a5 Na8 23. exf5 Nxf4 24. Qxe7+ Kh8 25. Qf6+ Kg8 26. Bc4+ Rd5 27.
Bxd5+ cxd5 28. Qe5 1-0

[Event "XXXI C.to Italiano seniores"]
[Site "Arvier ITA"]
[Date "2009.04.24"]
[Round "1"]
[White "Pipitone, Antonio"]
[Black "Di Terlizzi, Domenico"]
[Result "1-0"]
[WhiteElo "2024"]
[BlackElo "1688"]
[PlyCount "55"]
[EventDate "2009.04.24"]

1. e4 c5 2. Nf3 Nc6 3. d4 cxd4 4. Nxd4 Nf6 5. Nc3 a6 6. a4 d6 7. Be2 g6 8. Be3
Bg7 9. O-O O-O 10. Qd2 Bd7 11. f4 Ng4 12. Bxg4 Bxg4 13. Nxc6 bxc6 14. f5 gxf5
15. h3 Bh5 16. exf5 f6 17. a5 Rb8 18. Bb6 Qc8 19. Rae1 Re8 20. Re4 d5 21. Rh4
Bf7 22. Rf3 e6 23. Rg3 exf5 24. Rxg7+ Kxg7 25. Qh6+ Kg8 26. Qxh7+ Kf8 27. Qh8+
Bg8 28. Qh6+ 1-0

[Event "XXXI C.to Italiano seniores"]
[Site "Arvier ITA"]
[Date "2009.04.24"]
[Round "1"]
[White "Priori, Luigi"]
[Black "Bellia, Mario"]
[Result "0-1"]
[WhiteElo "1806"]
[BlackElo "1377"]
[PlyCount "122"]
[EventDate "2009.04.24"]

1. d4 d5 2. c4 e6 3. Nc3 Nf6 4. Bg5 Be7 5. e3 Nbd7 6. Nf3 O-O 7. Qc2 c6 8. h3
Qa5 9. Nd2 Re8 10. Bf4 a6 11. Bd3 Nf8 12. g4 Ng6 13. Bg3 dxc4 14. Nxc4 Qd8 15.
f4 b5 16. Nd2 Nd5 17. Nxd5 cxd5 18. O-O Bb7 19. f5 Rc8 20. Qb1 exf5 21. Rxf5
Nh4 22. Rf2 Bg5 23. Bf4 Ng6 24. Kh2 Rc6 25. Qf1 Rce6 26. Bxg6 fxg6 27. Nf3
Bxf4+ 28. exf4 Re4 29. Qc1 Qd6 30. Ne5 Rxd4 31. Qe3 Re4 32. Qg3 g5 33. Nd3 gxf4
34. Rxf4 Re2+ 35. Kg1 d4 36. Nf2 Re1+ 37. Rxe1 Rxe1+ 38. Kh2 Re3 39. Rf3 Qxg3+
40. Rxg3 Re2 41. Kg1 Rxb2 42. Rd3 Rb1+ 43. Kh2 Rb2 44. Kg3 Rb4 45. g5 g6 46.
Ng4 Bc8 47. Nf6+ Kg7 48. Ne8+ Kf8 49. Nd6 Be6 50. a3 Ra4 51. h4 Ke7 52. Nb7 Bf5
53. Rd2 Rxa3+ 54. Kf4 d3 55. Nc5 Kd6 56. Ne4+ Kd5 57. Nf6+ Kc4 58. Ke3 a5 59.
Nxh7 Rc3 60. Nf6 Rc2 61. Ne8 Kc3 0-1

[Event "XXXI C.to Italiano seniores"]
[Site "Arvier ITA"]
[Date "2009.04.24"]
[Round "1"]
[White "Rossi, Giampiero"]
[Black "Recubini, Dante"]
[Result "1-0"]
[WhiteElo "1915"]
[BlackElo "1472"]
[PlyCount "89"]
[EventDate "2009.04.24"]

1. d4 e6 2. c4 g6 3. Nc3 Bg7 4. Nf3 b6 5. g3 Bb7 6. Bg2 Bxf3 7. Bxf3 c6 8. O-O
Ne7 9. e3 O-O 10. b3 Na6 11. Ba3 d5 12. Rc1 Re8 13. Qe2 Nb8 14. Rfd1 Bh6 15.
Rc2 Nf5 16. Bg2 Nd7 17. f4 Bf8 18. Bxf8 Kxf8 19. Qd3 Nf6 20. Re2 Nd6 21. e4
dxe4 22. Nxe4 Nfxe4 23. Bxe4 Nxe4 24. Qxe4 Qc7 25. Qe5 Qxe5 26. dxe5 Rad8 27.
Red2 Rxd2 28. Rxd2 Ke7 29. Kf2 Rd8 30. Rxd8 Kxd8 31. Ke3 c5 32. Ke4 Ke7 33. g4
f5+ 34. exf6+ Kxf6 35. g5+ Ke7 36. Ke5 a6 37. a4 Kd7 38. Kf6 Kd6 39. Kg7 e5 40.
fxe5+ Kxe5 41. Kxh7 Ke4 42. Kxg6 Kd3 43. h4 Kc3 44. h5 Kxb3 45. h6 1-0

[Event "XXXI C.to Italiano seniores"]
[Site "Arvier ITA"]
[Date "2009.04.24"]
[Round "1"]
[White "Rotelli, Pietro"]
[Black "Moretti, Mario"]
[Result "1-0"]
[WhiteElo "1970"]
[BlackElo "1500"]
[PlyCount "49"]
[EventDate "2009.04.24"]

1. d4 d5 2. c4 dxc4 3. Nc3 e6 4. e4 Bb4 5. Bxc4 Bxc3+ 6. bxc3 Ne7 7. Nf3 O-O 8.
O-O Bd7 9. Re1 b5 10. Bb3 a5 11. a3 a4 12. Ba2 Nbc6 13. Bg5 Qe8 14. Rb1 Rb8 15.
d5 Nd8 16. d6 cxd6 17. Qxd6 Nec6 18. Red1 Nb7 19. Qxd7 Qxd7 20. Rxd7 h6 21. Be3
Rfd8 22. Rxd8+ Nbxd8 23. Nd4 Nxd4 24. Bxd4 g5 25. Bc5 1-0

[Event "XXXI C.to Italiano seniores"]
[Site "Arvier ITA"]
[Date "2009.04.24"]
[Round "1"]
[White "Turturici, Pellegrino"]
[Black "Maestri, Roberto"]
[Result "1-0"]
[WhiteElo "1977"]
[BlackElo "1570"]
[PlyCount "53"]
[EventDate "2009.04.24"]

1. e4 d6 2. d4 Nf6 3. Nc3 c6 4. Nf3 Bg4 5. Be2 e6 6. O-O Be7 7. h3 Bh5 8. Nd2
Bg6 9. Bd3 O-O 10. Nb3 b5 11. a3 Nbd7 12. f4 h6 13. Qe2 e5 14. fxe5 dxe5 15.
Be3 Nh5 16. Qe1 exd4 17. Nxd4 Ne5 18. Nf5 Nxd3 19. Nxe7+ Qxe7 20. cxd3 Rad8 21.
Qf2 Rxd3 22. Bc5 Qc7 23. Bxf8 Kxf8 24. Rad1 Nf6 25. Qc5+ Qe7 26. Qxc6 Nxe4 27.
Qc8+ 1-0

[Event "XXXI C.to Italiano seniores"]
[Site "Arvier ITA"]
[Date "2009.04.24"]
[Round "1"]
[White "Vaselli, Luciano"]
[Black "Laco, Giuseppe"]
[Result "0-1"]
[WhiteElo "1764"]
[BlackElo "2133"]
[PlyCount "82"]
[EventDate "2009.04.24"]

1. d4 f5 2. c4 Nf6 3. Nc3 e6 4. e3 b6 5. Nf3 Bb7 6. Be2 Be7 7. O-O O-O 8. Bd2
Ne4 9. Rc1 Nxd2 10. Qxd2 d6 11. a3 Nd7 12. b4 a6 13. Rb1 Qe8 14. Rfd1 Rd8 15.
Qc1 g5 16. c5 g4 17. Ne1 Nf6 18. Nd3 Qf7 19. cxb6 cxb6 20. b5 a5 21. Na4 Rc8
22. Qb2 Nd7 23. Rbc1 Rxc1 24. Rxc1 Bd8 25. Qb3 e5 26. Qxf7+ Kxf7 27. Nc3 exd4
28. exd4 Bg5 29. Rd1 Rc8 30. Nb1 Rc2 31. Bf1 h5 32. Ne1 Rc8 33. Nd3 h4 34. Nb2
g3 35. Nd2 gxh2+ 36. Kxh2 Bf4+ 37. g3 hxg3+ 38. fxg3 Rh8+ 39. Bh3 Bxd2 40. Rxd2
Nf6 41. Rd3 Ng4+ 0-1

[Event "XXXI C.to Italiano seniores"]
[Site "Arvier ITA"]
[Date "2009.04.25"]
[Round "2"]
[White "Acunzo, Domenico"]
[Black "Pipitone, Antonio"]
[Result "1/2-1/2"]
[WhiteElo "1830"]
[BlackElo "2024"]
[PlyCount "133"]
[EventDate "2009.04.24"]

1. e4 c5 2. Nf3 d6 3. Be2 Nf6 4. c3 Nc6 5. d4 cxd4 6. cxd4 Nxe4 7. d5 Qa5+ 8.
Nc3 Nxc3 9. bxc3 Ne5 10. Nxe5 dxe5 11. Qb3 a6 12. Bd2 Qc7 13. O-O e6 14. c4 Be7
15. Rac1 O-O 16. f4 Bc5+ 17. Kh1 b6 18. Qg3 e4 19. Bc3 f6 20. Bg4 exd5 21. cxd5
Bxg4 22. Qxg4 Qf7 23. Rfd1 Rad8 24. Qe2 Rfe8 25. Qxa6 Rxd5 26. Qe2 e3 27. h3 h6
28. a4 Re4 29. Qf3 Rxd1+ 30. Rxd1 f5 31. a5 bxa5 32. Bxa5 e2 33. Re1 Qe6 34. g4
fxg4 35. hxg4 Re3 36. Qg2 Qe4 37. Qxe4 Rxe4 38. Kg2 Rxf4 39. Kg3 Re4 40. Kf3
Re3+ 41. Kf4 g5+ 42. Kf5 Kf7 43. Rb1 Rf3+ 44. Ke5 Rf1 45. Re1 Rxe1 46. Bxe1 Kg6
47. Ke4 Kf6 48. Kf3 Ke5 49. Bg3+ Kd4 50. Kxe2 Ke4 51. Bh2 Bd4 52. Bg3 Be3 53.
Bd6 Bd4 54. Bg3 Be5 55. Bxe5 Kxe5 56. Ke3 Kf6 57. Ke4 Kg6 58. Kf3 Kf7 59. Ke3
Kf6 60. Kf3 Ke5 61. Ke3 Kf6 62. Kf3 Kg6 63. Kg3 h5 64. gxh5+ Kxh5 65. Kh3 g4+
66. Kg2 Kg5 67. Kg3 1/2-1/2

[Event "XXXI C.to Italiano seniores"]
[Site "Arvier ITA"]
[Date "2009.04.25"]
[Round "2"]
[White "Antonelli, Fabrizio"]
[Black "Turturici, Pellegrino"]
[Result "0-1"]
[WhiteElo "2024"]
[BlackElo "1977"]
[PlyCount "74"]
[EventDate "2009.04.24"]

1. e4 c5 2. Nf3 Nc6 3. Be2 d6 4. O-O Nf6 5. Nc3 e6 6. d4 cxd4 7. Nxd4 Be7 8.
Be3 O-O 9. Nb3 a6 10. a4 Na5 11. Nd4 Qc7 12. Kh1 e5 13. Nf5 Bxf5 14. exf5 Nc4
15. Bc1 Rfd8 16. Qd3 Rac8 17. g4 e4 18. Nxe4 Ne5 19. Nxf6+ Bxf6 20. Qg3 Qxc2
21. Re1 h6 22. f4 Qe4+ 23. Kg1 Rc2 24. fxe5 Bxe5 25. Qf3 Qb4 26. Be3 Re8 27. g5
hxg5 28. Bxg5 Bxb2 29. Rab1 Qc5+ 30. Kf1 Bc3 31. Bd3 Rxe1+ 32. Rxe1 Rxh2 33.
Re8+ Kh7 34. f6+ g6 35. Bxg6+ Kxg6 36. Qe4+ Kxg5 37. Rg8+ Kxf6 0-1

[Event "XXXI C.to Italiano seniores"]
[Site "Arvier ITA"]
[Date "2009.04.25"]
[Round "2"]
[White "Beltrami, Nerio"]
[Black "Vaselli, Luciano"]
[Result "0-1"]
[WhiteElo "2057"]
[BlackElo "1764"]
[PlyCount "104"]
[EventDate "2009.04.24"]

1. e4 c6 2. Nf3 d5 3. Nc3 Bg4 4. h3 Bxf3 5. Qxf3 e6 6. exd5 cxd5 7. Bb5+ Nd7 8.
d4 a6 9. Bd3 Ngf6 10. O-O Be7 11. Be3 O-O 12. Ne2 e5 13. Bf5 e4 14. Qg3 Nh5 15.
Qh2 g6 16. Bxd7 Qxd7 17. g4 Bd6 18. Qg2 Ng7 19. Bf4 f5 20. Bxd6 Qxd6 21. f4
fxg4 22. hxg4 Rf7 23. Rf2 Raf8 24. Raf1 Kh8 25. c3 Ne6 26. Qh2 Ng5 27. Qh6 Nf3+
28. Kg2 Nd2 29. Rh1 e3 30. f5 exf2 31. Qxd2 gxf5 32. g5 f4 33. Kxf2 Qg6 34. Rg1
Rf5 35. Qc2 Qh5 36. Qd3 Qh4+ 37. Kf1 Rxg5 38. Rxg5 Qxg5 39. Qf3 h5 40. c4 dxc4
41. d5 Qg4 42. Qc3+ Kh7 43. Qxc4 f3 44. Qc7+ Qg7 45. Qxg7+ Kxg7 46. Nd4 Kf6 47.
Nxf3 Rd8 48. Ke2 Rxd5 49. Ke3 Rc5 50. Kd3 Rf5 51. Ke4 Rxf3 52. Kxf3 Ke5 0-1

[Event "XXXI C.to Italiano seniores"]
[Site "Arvier ITA"]
[Date "2009.04.25"]
[Round "2"]
[White "Cesati Cassin, Giorgio"]
[Black "Breidenbach, Heinz"]
[Result "1/2-1/2"]
[WhiteElo "1398"]
[BlackElo "1522"]
[PlyCount "22"]
[EventDate "2009.04.24"]

1. e4 d5 2. exd5 Qxd5 3. Nc3 Qa5 4. d4 Nf6 5. Nf3 Bg4 6. h3 Bxf3 7. Qxf3 c6 8.
Bd2 Qb6 9. O-O-O e6 10. Bc4 Qc7 11. Bg5 Qd8 1/2-1/2

[Event "XXXI C.to Italiano seniores"]
[Site "Arvier ITA"]
[Date "2009.04.25"]
[Round "2"]
[White "D'Aulisa, Francesco"]
[Black "Cerusico, Carlo"]
[Result "1-0"]
[WhiteElo "1755"]
[BlackElo "1462"]
[PlyCount "69"]
[EventDate "2009.04.24"]

1. e4 e6 2. Nf3 d5 3. exd5 exd5 4. d4 Be7 5. Ne5 Nf6 6. Bd3 c6 7. O-O O-O 8. c4
Be6 9. c5 Nbd7 10. f4 Bg4 11. Nxg4 Nxg4 12. Qxg4 Nf6 13. Qf3 Re8 14. Re1 b6 15.
b4 bxc5 16. dxc5 a5 17. Bd2 axb4 18. Bxb4 Bf8 19. Rxe8 Qxe8 20. Nd2 Ra7 21. Nb3
Re7 22. Nd4 Re3 23. Qf1 h6 24. Nf5 Re6 25. Kh1 Ng4 26. h3 Nf6 27. Qf2 g6 28.
Nd6 Qb8 29. Rb1 Qa7 30. f5 gxf5 31. Nxf5 Nd7 32. Qg3+ Kh8 33. Bc3+ f6 34. Qg6
Ne5 35. Bxe5 1-0

[Event "XXXI C.to Italiano seniores"]
[Site "Arvier ITA"]
[Date "2009.04.25"]
[Round "2"]
[White "Di Cio', Enrico"]
[Black "Jeanrenaud, Antonia"]
[Result "1-0"]
[WhiteElo "1765"]
[BlackElo "1455"]
[PlyCount "59"]
[EventDate "2009.04.24"]

1. e4 e5 2. f4 exf4 3. Nf3 d6 4. d4 Be7 5. Bxf4 Nd7 6. Bc4 Nb6 7. Bb3 Nf6 8.
Nc3 O-O 9. O-O c6 10. Qe1 Re8 11. Rd1 d5 12. e5 Nfd7 13. e6 Nf6 14. exf7+ Kxf7
15. Ne5+ Kg8 16. Ne2 Bf5 17. Ng3 Bd7 18. c3 Ng4 19. Qe2 Bf6 20. h3 Nxe5 21.
dxe5 Bg5 22. Rde1 Be6 23. Qh5 Bxf4 24. Rxf4 Rf8 25. Ref1 Qe7 26. Bc2 h6 27. Qg6
Rf7 28. Rxf7 Bxf7 29. Qh7+ Kf8 30. Qh8# 1-0

[Event "XXXI C.to Italiano seniores"]
[Site "Arvier ITA"]
[Date "2009.04.25"]
[Round "2"]
[White "Di Terlizzi, Domenico"]
[Black "Brandi, Marcello"]
[Result "1/2-1/2"]
[WhiteElo "1688"]
[BlackElo "1381"]
[PlyCount "31"]
[EventDate "2009.04.24"]

1. d4 Nf6 2. Nf3 g6 3. Bf4 d5 4. e3 Bg7 5. c4 c5 6. cxd5 Nxd5 7. Be5 Bxe5 8.
Nxe5 O-O 9. Nf3 Nd7 10. Bd3 b6 11. O-O e6 12. Qe2 a6 13. Rc1 Bb7 14. Nc3 Nxc3
15. Rxc3 Bxf3 16. Qxf3 1/2-1/2

[Event "XXXI C.to Italiano seniores"]
[Site "Arvier ITA"]
[Date "2009.04.25"]
[Round "2"]
[White "Facchini, Roberto"]
[Black "Bogatto, Mario"]
[Result "0-1"]
[WhiteElo "1600"]
[BlackElo "1468"]
[PlyCount "94"]
[EventDate "2009.04.24"]

1. e4 c5 2. Nf3 a6 3. d4 cxd4 4. Nxd4 Nf6 5. Nc3 Nc6 6. Bg5 e6 7. Nxc6 bxc6 8.
e5 h6 9. Bh4 g5 10. Bg3 Nd5 11. Qd2 Qa5 12. Ne4 Qxd2+ 13. Kxd2 Bg7 14. h4 f6
15. hxg5 fxg5 16. c4 Nc7 17. Nd6+ Ke7 18. Rd1 Ne8 19. Nxc8+ Rxc8 20. c5 a5 21.
Bd3 Rb8 22. Kc3 Nc7 23. a3 Rb7 24. Bc4 Rhb8 25. b3 Nb5+ 26. Kb2 Nc7 27. Rd3 Nd5
28. Rhd1 a4 29. Bxd5 cxd5 30. b4 Rc8 31. Rc1 Rf8 32. f3 h5 33. c6 dxc6 34. Rxc6
Ra8 35. Rdc3 Raa7 36. Kc2 h4 37. Bh2 Kd7 38. Kd3 Rc7 39. Rd6+ Ke7 40. Rxc7+
Rxc7 41. Ra6 Rc1 42. f4 Rh1 43. b5 Rxh2 44. b6 Rxg2 45. Rxa4 Rb2 46. fxg5 Bxe5
47. Rxh4 Rxb6 0-1

[Event "XXXI C.to Italiano seniores"]
[Site "Arvier ITA"]
[Date "2009.04.25"]
[Round "2"]
[White "Faraci, Antonino"]
[Black "Gardi, Giuseppe"]
[Result "0-1"]
[WhiteElo "2012"]
[BlackElo "2008"]
[PlyCount "80"]
[EventDate "2009.04.24"]

1. e4 g6 2. d4 Bg7 3. Nc3 c6 4. f4 d5 5. e5 Nh6 6. Nf3 O-O 7. Bd3 Bf5 8. Bxf5
Nxf5 9. g4 Nh6 10. h3 Na6 11. Be3 f6 12. Qd2 fxe5 13. dxe5 Nf7 14. O-O-O e6 15.
h4 c5 16. h5 g5 17. h6 Bh8 18. Qh2 Qe8 19. Bd2 gxf4 20. Bxf4 Nd8 21. g5 Qf7 22.
Ne2 Qg6 23. Nh4 Qe4 24. g6 Nb4 25. gxh7+ Kxh7 26. Rd2 Nxa2+ 27. Kb1 Nb4 28. Rg1
Ndc6 29. Rg7+ Bxg7 30. hxg7 Kxg7 31. Qg1+ Kf7 32. Nc3 Qh7 33. Rf2 Ke8 34. Qg4
Kd7 35. Rd2 Nd4 36. b3 Rg8 37. Qh3 Nbxc2 38. Kb2 Raf8 39. Nxd5 Qe4 40. Bg3 Qxd5
0-1